[Event "LSS RN-2008-0-00134"]
[Site "LSS email"]
[Date "2008.05.20"]
[Round "?"]
[White "Dupuis, Japheth"]
[Black "Nistri, Paolo"]
[Result "1-0"]
[WhiteElo "800"]
[BlackElo "914"]
[PlyCount "21"]
[EventDate "2008.05.12"]
[EventType "tourn (corr)"]
[EventRounds "6"]
[EventCountry "GER"]
[SourceTitle "Corr 2013"]
[Source "ChessBase"]
[SourceDate "2012.11.12"]
[SourceVersion "1"]
[SourceVersionDate "2012.11.12"]
[SourceQuality "1"]

1. e4 d5 2. d3 dxe4 3. dxe4 Qxd1+ 4. Kxd1 e5 5. Nf3 Nc6 6. Nc3 Bg4 7. h3 0-0-0+ 8. Nd5 Bxf3+ 9. gxf3 Nce7 10. Bg5 f6 11. Be3 1-0

[Event "LSS RN-2008-0-00134"]
[Site "LSS email"]
[Date "2008.05.20"]
[Round "?"]
[White "Losev, Vyacheslav"]
[Black "Dupuis, Japheth"]
[Result "1-0"]
[WhiteElo "649"]
[BlackElo "800"]
[PlyCount "63"]
[EventDate "2008.05.12"]
[EventType "tourn (corr)"]
[EventRounds "6"]
[EventCountry "GER"]
[SourceTitle "Corr 2011"]
[Source "ChessBase"]
[SourceDate "2010.08.31"]
[SourceVersion "1"]
[SourceVersionDate "2010.08.31"]
[SourceQuality "1"]

1. e4 c5 2. Nf3 Nf6 3. Bc4 e6 4. Nc3 Nc6 5. d3 d5 6. exd5 exd5 7. Bb5 Bd7 8. Bg5 h6 9. Bh4 g5 10. Bg3 Qe7+ 11. Ne2 a6 12. Ba4 b5 13. Bb3 Bg7 14. c4 bxc4 15. dxc4 dxc4 16. Bxc4 0-0 17. 0-0 Be6 18. b3 Ne4 19. Re1 Bxa1 20. Qxa1 Nb4 21. Qe5 Nd6 22. Nc3 Rae8 23. Ne4 Nxe4 24. Rxe4 Nc6 25. Qc3 Rd8 26. h3 Rfe8 27. Bxe6 fxe6 28. Be5 Kf7 29. a3 Rd1+ 30. Kh2 Qd7 31. Bh8 e5 32. Bxe5 1-0